Endodontics: principles and practice. (5th edition) (Record no. 63814)

MARC details
000 -LEADER
fixed length control field 01875nam a2200301 a 4500
008 - FIXED-LENGTH DATA ELEMENTS--GENERAL INFORMATION
fixed length control field 170404s2015 ||||||||||||||||| || u
010 ## - LIBRARY OF CONGRESS CONTROL NUMBER
LC control number 2014497669
020 ## - INTERNATIONAL STANDARD BOOK NUMBER
International Standard Book Number 9781455754106
050 ## - LIBRARY OF CONGRESS CALL NUMBER
Classification number RK 351 Tor
100 ## - MAIN ENTRY--PERSONAL NAME
Personal name Walton, Richard E
245 10 - TITLE STATEMENT
Title Endodontics: principles and practice. (5th edition)
Statement of responsibility, etc. Mahmoud Torabinejad, Richard E. Walton, Ashraf F. Fouad
250 ## - EDITION STATEMENT
Edition statement 5th edition
260 ## - PUBLICATION, DISTRIBUTION, ETC.
Place of publication, distribution, etc. St. Louis Missouri
Name of publisher, distributor, etc. Elsevier Saunders
Date of publication, distribution, etc. 2015
260 ## - PUBLICATION, DISTRIBUTION, ETC.
Place of publication, distribution, etc. St. Louis Missouri
Name of publisher, distributor, etc. Elsevier
Date of publication, distribution, etc. 2015
300 ## - PHYSICAL DESCRIPTION
Extent xii, 482 pages: illustrations
350 ## -
-- 143.00
500 ## - GENERAL NOTE
General note Includes bibliographical references and index.
650 #0 - SUBJECT ADDED ENTRY--TOPICAL TERM
Topical term or geographic name entry element ENDODONTICS
700 ## - ADDED ENTRY--PERSONAL NAME
Personal name Torabinejad, Mahmoud
700 ## - ADDED ENTRY--PERSONAL NAME
Personal name Fouad, Ashraf F
995 ## -
-- MEDICAL LIBRARY OPEN ACCESS
-- 143.00
-- 903860
-- CBU-SCHOOL OF MEDICINE LIBRARY (Ndola)
-- RK 351 Tor
-- 1
-- AVAILABLE
-- Mar 28, 2017
-- 903860
-- Medical Library Open Access Collection
995 ## -
-- MEDICAL LIBRARY OPEN ACCESS
-- 904988
-- CBU-SCHOOL OF MEDICINE LIBRARY (Ndola)
-- 143.00
-- RK 351 Tor
-- 4
-- AVAILABLE
-- Nov 12, 2020
-- 904988
-- Medical Library Open Access Collection
995 ## -
-- MICHAEL CHILUFYA SATA OPEN ACCESS
-- 904989
-- CBU-SCHOOL OF MEDICINE LIBRARY (Ndola)
-- 143.00
-- RK 351 Tor
-- 6
-- AVAILABLE
-- Nov 12, 2020
-- 904989
-- Medical Library Open Access Collection
995 ## -
-- MEDICAL LIBRARY OPEN ACCESS
-- 904985
-- CBU-SCHOOL OF MEDICINE LIBRARY (Ndola)
-- 143.00
-- RK 351 Tor
-- 5
-- AVAILABLE
-- Nov 12, 2020
-- 904985
-- Medical Library Open Access Collection
995 ## -
-- MEDICAL LIBRARY OPEN ACCESS
-- 904986
-- CBU-SCHOOL OF MEDICINE LIBRARY (Ndola)
-- 143.00
-- RK 351 Tor
-- 2
-- AVAILABLE
-- Nov 12, 2020
-- 904986
-- Medical Library Open Access Collection
995 ## -
-- MEDICAL LIBRARY OPEN ACCESS
-- 904987
-- CBU-SCHOOL OF MEDICINE LIBRARY (Ndola)
-- 143.00
-- RK 351 Tor
-- 3
-- AVAILABLE
-- Nov 12, 2020
-- 904987
-- Medical Library Open Access Collection
999 ## -
-- 63814
-- 63814
Holdings
Withdrawn status Lost status Source of classification or shelving scheme Damaged status Not for loan Permanent Location Current Location Shelving location Date acquired Total Checkouts Full call number Barcode Date last seen Date last checked out Copy number Price effective from Koha item type Total Renewals
          CBU-SCHOOL OF MEDICINE LIBRARY, NDOLA. CBU-SCHOOL OF MEDICINE LIBRARY, NDOLA.   02/01/2023 1 RK 351 Tor 903860 06/03/2024 05/10/2024 1 02/01/2023 MONOGRAPH  
          CBU-SCHOOL OF MEDICINE LIBRARY, NDOLA. CBU-SCHOOL OF MEDICINE LIBRARY, NDOLA.   02/01/2023 2 RK 351 Tor 904988 03/30/2026 06/09/2025 2 02/01/2023 MONOGRAPH  
          CBU-MICHAEL CHILUFYA SATA LIBRARY CBU-SCHOOL OF MEDICINE LIBRARY, NDOLA.   02/01/2023 3 RK 351 Tor 904989 07/02/2025 07/02/2025 3 02/01/2023 MONOGRAPH  
          CBU-SCHOOL OF MEDICINE LIBRARY, NDOLA. CBU-SCHOOL OF MEDICINE LIBRARY, NDOLA.   02/01/2023 1 RK 351 Tor 904985 05/06/2024 04/23/2024 4 02/01/2023 MONOGRAPH  
          CBU-SCHOOL OF MEDICINE LIBRARY, NDOLA. CBU-SCHOOL OF MEDICINE LIBRARY, NDOLA.   02/01/2023 2 RK 351 Tor 904986 09/24/2024 09/18/2024 5 02/01/2023 MONOGRAPH  
          CBU-SCHOOL OF MEDICINE LIBRARY, NDOLA. CBU-SCHOOL OF MEDICINE LIBRARY, NDOLA.   02/01/2023 1 RK 351 Tor 904987 04/22/2025 03/31/2025 6 02/01/2023 MONOGRAPH 1